Govt. of
Madhya Pradesh

Learn 'C' Now & Get Insight Into C++ (Record no. 31144)

MARC details
000 -LEADER
fixed length control field 004740000a22001810004500
003 - CONTROL NUMBER IDENTIFIER
control field MACL
005 - DATE AND TIME OF LATEST TRANSACTION
control field 20160119173258.0
008 - FIXED-LENGTH DATA ELEMENTS--GENERAL INFORMATION
fixed length control field 160119b xxu||||| |||| 00| 0 eng d
040 ## - CATALOGING SOURCE
Original cataloging agency MACL
Transcribing agency MACL
041 ## - LANGUAGE CODE
Language code of text/sound track or separate title English
082 ## - DEWEY DECIMAL CLASSIFICATION NUMBER
Classification number 005.133/CHI
100 ## - MAIN ENTRY--PERSONAL NAME
Personal name Chitgopkar
9 (RLIN) 33398
245 ## - TITLE STATEMENT
Title Learn 'C' Now & Get Insight Into C++
260 ## - PUBLICATION, DISTRIBUTION, ETC. (IMPRINT)
Name of publisher, distributor, etc. Galgotia Publication
Date of publication, distribution, etc. 1995
Place of publication, distribution, etc. New Delhi
350 ## - PRICE (NR) (BK AM CF MU VM SE) [OBSOLETE]
Price 70
650 ## - SUBJECT ADDED ENTRY--TOPICAL TERM
Topical term or geographic name as entry element Computer Programming
9 (RLIN) 20374
942 ## - ADDED ENTRY ELEMENTS (KOHA)
Koha item type Books
Call number prefix 005.133/CHI
Source of classification or shelving scheme
Holdings
Withdrawn status Lost status Source of classification or shelving scheme Damaged status Not for loan Home library Current library Date acquired Cost, normal purchase price Total Checkouts Total Renewals Full call number Barcode Date last seen Date last checked out Uniform Resource Identifier Price effective from Koha item type
          MACL MACL 15/04/2015 70.00 2 1 005.133/CHI CLC002716 15/05/2016 05/05/2016 31195 15/04/2015 Books